000 00300nam a2200109Ia 4500
008 220204s9999 xx 000 0 und d
082 _a311(035)
_bBEY
245 0 _aHandbook of tables for probability and statistics
260 _aOhio
_bChemical Rubber
_c1966
700 _aBeyer, William H
942 _cBK
999 _c21333
_d21333